Právna úprava spoločných podnikov vo vyspelých trhových ekonomikách

Povaha spoločných podnikov (joint ventures), definícia, spoločne vykonávané činnosti. Významná forma účasti zahraničného kapitálu. Výhody a riziká spoločných podnikov. Právna úprava spoločného podnikania v USA, Japonsku, krajinách EÚ, EHS, Európskeho združenia uhlia a ocele.

Guardado en:
Detalles Bibliográficos
Autor principal: Mihok, D.
Formato: Capítulo de libro
Lenguaje:eslovaco
Materias:
Etiquetas: Agregar Etiqueta
Sin Etiquetas, Sea el primero en etiquetar este registro!

MARC

LEADER 00000naa a2200000 4500
001 r024773
005 20221213114644.6
041 0 |a slo 
044 |a SK 
245 1 0 |a Právna úprava spoločných podnikov vo vyspelých trhových ekonomikách  |c D. Mihok 
520 |a Povaha spoločných podnikov (joint ventures), definícia, spoločne vykonávané činnosti. Významná forma účasti zahraničného kapitálu. Výhody a riziká spoločných podnikov. Právna úprava spoločného podnikania v USA, Japonsku, krajinách EÚ, EHS, Európskeho združenia uhlia a ocele. 
610 2 0 |a podnik spoločný 
610 2 0 |a joint ventures 
610 2 0 |a legislatíva 
610 2 0 |a predpisy právne 
610 2 0 |a USA 
610 2 0 |a Japonsko 
610 2 0 |a západná Európa 
610 2 0 |a Európska únia 
610 2 0 |a EHS 
610 2 0 |a CECA 
100 1 |a Mihok, D.